Big Brother - Statistics

General Stats
  • This quiz has been taken 121 times
    44 since last reset
  • The average score is 186 of 350
Answer Stats
Season Place Days House Guest 2nd Season % Correct
S10 1st/2nd 146 Dan S14
85%
S24 12th 37 Daniel
85%
S14 11th 41 Wil
82%
CBB3 8th 17 Chris
79%
CBB3 9th 15 Chris
79%
S1 Second 88 Josh
79%
S3 9th 41 Josh
79%
S19 Winner 92 Josh
79%
S2 Second 82 Nicole
79%
S16 7th/Winner/3rd 254 Nicole S18/S22
79%
S21 3rd/15th 115 Nicole S22/FF
79%
S24 13th 30 Nicole
79%
S24 Winner 82 Taylor FF
79%
S18 13th 37 Tiffany
79%
S23 6th 71 Tiffany FF
79%
S3 4th 76 Amy
76%
S1 7th 58 Brittany
76%
S16 13th 35 Brittany
76%
S24 4th 79 Brittany
76%
S23 Second 85 Derek
76%
S23 10th 51 Derek
76%
S14 7th/12th 106 Frank S18/FF
76%
S6 13th 19 Michael
76%
OTT 13th 7 Michael
76%
S24 6th 65 Michael
76%
S5 Second 82 Michael Cowboy
76%
S6 11th 40 Sarah
76%
S2 1st/4th 147 Will S7
76%
S5 9th 48 Will
76%
S23 Winner 85 Xavier
76%
S23 7th 65 Alyssa
73%
S24 5th 72 Alyssa
73%
S16 2nd/Winner 182 Cody S22
73%
S19 11th 58 Cody FF
73%
S6 7th/7th 114 James S7
73%
S9 6th 63 James FF
73%
S17 7th/3rd 174 James S18/FF
73%
CBB1 6th 24 James
73%
S3 Third 78 Jason
73%
S17 13th/2nd 108 Jason OTT
73%
S17 17th 15 Jason
73%
S19 7th 79 Jason
73%
S8 8th 55 Jen
73%
S9 13th 14 Jen
73%
OTT 12th 14 Monte
73%
S24 Second 82 Monte
73%
S20 2nd/ 164 Tyler S22/FF
73%
S18 5th 90 Victor FF
73%
S15 Winner 90 Andy
70%
S23 8th 65 Claire
70%
S3 2nd/6th 142 Danielle S7
70%
S14 Third 75 Danielle
70%
OTT 6th 50 Danielle
70%
S16 Winner 97 Derrick TA
70%
S16 5th 118 Frankie TA
70%
S4 6th 54 Jack
70%
S21 11th 51 Jack
70%
S24 10th 51 Jasmine
70%
S11 5th/7th 116 Jeff S13/2FF
70%
S17 15th 29 Jeff
70%
S8 6th 69 Jessica
70%
S19 12th 51 Jessica
70%
S21 7th 79 Jessica
70%
S20 Winner 99 Kaycee
70%
S18 2nd/2nd 191 Paul S19
70%
S6 8th 63 Rachel
70%
S12 9th/Winner 116 Rachel S13
70%
S20 12th 44 Rachel
70%
S16 Third 97 Victoria
70%
S4 12th 12 Amanda
67%
S9 12th 21 Amanda
67%
S15 7th 77 Amanda
67%
S23 3rd 85 Azah
67%
S16 4th 90 Caleb
67%
S4 10th 26 David
67%
S15 16th 13 David
67%
S21 16th/8th 75 David S22
67%
S17 16th/11th/10th 124 Da'Vonne S18/S22/FF
67%
S8 1st/14th 87 Dick S13/Walked
67%
S23 5th 71 Hannah
67%
S14 1st/11th 119 Ian S22
67%
S20 Third 99 JC
67%
S23 4th 79 Kyland
67%
S24 8th 58 Kyle
67%
S9 9th 42 Matt
67%
S12 7th 55 Matt
67%
S10 2nd/5th 143 Memphis S22
67%
S17 Winner 98 Steve
67%
S20 16th 16 Steve
67%
S8 Third 76 Zach
67%
S16 9th 63 Zach
67%
S8 7th 62 Amber
64%
S16 12th 42 Amber
64%
S20 11th/12th 88 Bayleigh S22
64%
S12 4th/8th 123 Britney S14/FF
64%
S23 12th 37 Christian
64%
S12 Winner 75 Hayden
64%
S16 10th 49 Hayden
64%
S21 Winner 99 Jackson
64%
S6 3rd/3rd/12th/14th 200 Janelle S7/S14/S22/FF
64%
S8 13th 20 Joe
64%
S14 6th 62 Joe
64%
S17 4th 91 John
64%
S1 9th 30 Jordan
64%
S11 1st/4th 142 Jordan S13
64%
S17 6th 85(42) Julia
64%
S5 14th 14 Mike
64%
S8 12th 27 Mike
64%
S24 16th 8 Paloma Walked
64%
S20 10th 58 Rockstar
64%
S4 13th 8 Scott Expelled
64%
S5 11th 35 Scott
64%
OTT 9th 35 Scott
64%
CBB2 6th 24 Tom FF
64%
S17 Third 98 Vanessa
64%
S9 Winner 81 Adam
61%
S13 3rd 75 Adam
61%
S24 14th 23 Ameerah
61%
S20 4th 93 Angela
61%
S17 5th 89 Austin
61%
S12 6th/9th 103 Brendon S13
61%
S19 3rd/4th 171 Christmas S22
61%
S16 8th 70 Donny FF/TA
61%
S1 Winner 88 Eddie
61%
S12 3rd/Second 160 Enzo S22
61%
S20 9th 72 Faysal
61%
S15 Second 90 Gina Marie
61%
S10 10th/9th 71 Jessie S11
61%
S15 10th 56 Jessie
61%
S21 10th 58 Kat
61%
S15 4th 84 McCrae
61%
S5 8th 56(21) Natalie
61%
S9 5th 70 Natalie
61%
S11 Second 73 Natalie
61%
S18 6th 86 Natalie
61%
CBB2 7th 24 Natalie
61%
S15 Third 90 Spencer
61%
S24 3rd 82 Turner
61%
S6 4th 73 April
58%
S10 8th 45 April
58%
S20 6th 86 Brett
58%
S18 4th 92 Corey
58%
S16 14th 28 Devin
58%
S5 12th 28 Holly
58%
S21 Second 99 Holly
58%
S6 5th/8th 117 Howie S7
58%
S24 11th 44 Indy
58%
S14 5th 68 Jenn
58%
S16 16th 14 Joey
58%
CBB2 9th 18 Joey
58%
S24 9th 51 Joseph
58%
S11 3rd/9th 131 Kevin S22
58%
S19 4th 86 Kevin
58%
S3 Winner 82 Lisa
58%
S17 Second 98 Liz
58%
S19 9th 65 Mark
58%
CBB1 Third 26 Mark
58%
S19 16th 8 Meagan Walked
58%
S17 8th 71 Meg
58%
S4 11th 19 Michelle
58%
S10 7th 52 Michelle
58%
S11 4th 66 Michelle
58%
S18 7th 79 Michelle
58%
S16 15th 21 Paola
58%
S18 8th 65 Paulie
58%
S9 Second 81 Ryan
58%
CBB2 10th 13 Ryan
58%
S20 5th 91 Sam
58%
S21 12th 44 Sam
58%
S23 9th 58 Sarah Beth
58%
S24 7th 65 Terrance
58%
OTT 7th 43 Whitney
58%
S23 13th 30 Whitney
58%
S9 11th 21 Alex
55%
OTT 8th 43 Alex
55%
S19 5th 84 Alex
55%
S21 6th 79 Christie
55%
S16 6th 77 Christine
55%
S8 2nd/8th/7th 194 Daniele S13/S22
55%
S5 Winner 82 Drew
55%
S3 10th 34 Eric
55%
S6 12th 26 Eric
55%
S8 5th 69 Eric AP
55%
S20 7th 86 Haleigh
55%
S15 12th 42 Howard
55%
S6 9th 49 Jennifer
55%
S16 11th 49 Jocasta
55%
S4 Winner 82 Jun
55%
S20 13th 37 Kaitlyn
55%
S12 10th 34 Kristen
55%
S3 5th/9th 115 Marcellas S7
55%
OTT Winner 65 Morgan
55%
S5 4th/13th 93 Nakomis S7
55%
S8 11th 34 Nick
55%
S15 15th 21 Nick
55%
S21 8th 72 Nick
55%
S19 6th 79 Raven
55%
S20 15th 23 Swaggy C
55%
S21 5th 86 Tommy
55%
S9 10th 28 Allison
52%
S17 12th 50 Clay
52%
S19 10th 58 Elena
52%
S23 15th 16 Frenchie
52%
S17 10th 57 Jackie
52%
S15 14th 28 Jeremy
52%
S10 Third 66 Jerry
52%
S6 10th/10th/13th 109 Kaysar S7/S22
52%
S10 4th/16th 73 Keesha S22/FF
52%
S6 Winner 80 Maggie
52%
S19 8th 72 Matthew
52%
S24 15th 16 Pooch
52%
S20 8th 72 Scottie
52%
S14 4th 69 Shane
52%
OTT 11th 21 Shane
52%
S10 12th 16 Steven
52%
CBB2 Winner 29 Tamar
52%
S15 8th 70 Aaryn
48%
S23 14th 23 Brent
48%
S10 13th 9 Brian
48%
S1 5th/5th 139 Chicken George S7
48%
S15 9th 63 Helen
48%
S14 16th 1 Jodi
48%
S15 5th 83 Judd
48%
S2 12th 10 Justin Expelled
48%
S4 7th 47 Justin
48%
OTT 4th 63 Justin
48%
CBB2 5th 29 Kandi
48%
CBB1 Winner 26 Marissa
48%
S14 14th 14 Willie Expelled
48%
S20 14th 30 Winston
48%
S5 7th 63 Adria
45%
S4 2nd/14th 93 Alison S7
45%
S17 9th 64 Becky
45%
S18 9th 58 Bridgette
45%
S19 17th 1 Cameron
45%
S15 11th 49 Candice
45%
S21 4th 93 Cliff
45%
S8 9th 48 Dustin
45%
S15 6th 77 Elissa FF
45%
S6 Second 80 Ivette
45%
S21 14th 30 Kemi
45%
S10 9th 38 Libra
45%
S10 6th 52 Ollie
45%
S21 15th 30 Ovi
45%
S10 5th 59 Renny
45%
CBB1 Second 26 Ross
45%
S2 9th 26 Shannon
45%
CBB1 9th 17 Shannon
45%
S17 11th 57 Shelli
45%
S13 6th 62 Shelly
45%
S23 16th 9 Travis
45%
S21 9th 65 Analyse
42%
S12 11th 27 Andrew
42%
S17 14th 36 Audrey
42%
S23 11th 44 Britini
42%
S18 14th 30 Bronte
42%
CBB3 6th 24 Carson FF
42%
S11 8th 42 Chima Expelled
42%
S5 3rd/11th 110 Diane S7
42%
S4 4th/2nd 140 Erika S7
42%
S14 15th 13 Kara
42%
S2 8th/1st/10th 153 Mike Boogie S7/S14
42%
S2 Third 77 Monica
42%
S13 Second 75 Porsche
42%
CBB3 Second 29 Todrick
42%
S6 6th 73 Beau
39%
S2 5th 61 Bunky
39%
S18 16th 2 Glenn
39%
S5 10th/12th 67 Jase S7
39%
S18 15th 16 Jozea
39%
S12 Second 75 Lane
39%
S3 12th 13 Lori
39%
S5 13th 21 Lori
39%
S11 7th 47 Lydia
39%
S4 8th 40 Nathan
39%
S19 13th 37 Ramses
39%
S4 Third 75 Robert
39%
CBB3 7th 20 Shanna
39%
S18 10th 58 Zakiyah
39%
S14 9th 48 Ashley
36%
S21 13th 37 Bella
36%
S13 11th 27 Dominic
36%
S19 14th 30 Dominique
36%
S1 4th 86 Jamie
36%
S11 12th 19 Laura
36%
S12 12th 20 Monet
36%
S12 5th 62 Ragan S
36%
S11 10th 33 Ronnie
36%
S11 6th 54 Russell
36%
S9 Third 77 Sheila
36%
S10 11th 23 Angie
33%
S12 13th 13 Annie S
33%
S6 14th 12 Ashlea
33%
S8 14th 12 Carol
33%
S3 8th 48 Chiara
33%
S4 9th 33 Dana
33%
S2 4th 68 Hardy
33%
S4 5th 61 Jee
33%
S19 15th 16 Jillian
33%
S14 13th 20 Jojo
33%
S13 5th 67 Kalia
33%
S1 8th 44 Karen
33%
S5 5th 70 Karen
33%
S12 8th 48 Kathy
33%
S13 10th 41 Lawon
33%
S5 6th 65 Marvin
33%
CBB1 8th 20 Metta
33%
CBB2 Second 29 Ricky
33%
S3 6th 62 Roddy
33%
CBB1 4th 26 Ariadna
30%
S11 11th 26 Casey
30%
S1 Third 88 Curtis
30%
S8 4th 74 Jameka
30%
S13 13th 13 Keith
30%
CBB2 Third 29 Lolo
30%
CBB3 Winner 29 Miesha
30%
CBB1 5th 26 Omarosa
30%
S11 13th 12 Braden
27%
S9 8th 49 Chelsia
27%
CBB3 3rd 29 Cynthia
27%
CBB2 4th 29 Dina
27%
S3 7th 55 Gerry
27%
CBB2 11th 10 Jonathan
27%
S8 10th 41 Kail
27%
S15 13th 35 Kaitlin
27%
CBB3 10th 13 Mirai
27%
CBB3 4th 27 Todd
27%
S1 10th 17 William
27%
CBB2 12th 6 Anthony
24%
S13 12th 20 Cassi
24%
CBB1 11th 10 Chuck
24%
CBB3 5th 27 Lamar
24%
S9 14th 14 Parker
24%
S9 4th 75 Sharon
24%
S3 11th 20 Tonya
24%
CBB1 7th 42 Brandi
21%
S9 16th 3 Jacob
21%
S2 7th 43 Kent
21%
OTT 5th 57 Shelby
21%
S2 11th 12 Sheryl
21%
CBB1 10th 13 Keshia
18%
S2 6th 47 Krista
18%
OTT Third 65 Kryssie
18%
S9 15th 7 Neil Walked
18%
CBB3 11th 10 Teddi
18%
S2 10th 19 Autumn
15%
S1 6th 72 Cassandra
15%
CBB2 8th 20 Kato
15%
S9 7th 56 Joshuah
9%
OTT 10th 29 Neeley
9%
No matching quizzes found
Score Distribution
Percent of People with Each Score
Percentile by Number Answered
Your Score History
You have not taken this quiz since the last reset